000 00987cam a22002651 4500
001 3847
005 20240516151743.0
020 _a9780064440578
040 _aDLC
_cTxDaBC
_dOCoLC
_dDLC
_beng
050 0 0 _aPZ10.3.H6655
082 _a813.52
100 1 _aHoff, Syd
_d1912-2004.
245 1 0 _aGrizzwold;
_cstory and pictures by Syd Hoff
250 _aFirst Harper Trophy edition, 1984 .
260 _aNew York :
_bHarperCollins Publishers ;
_c1963
300 _a64 pages :
_bcolor illustrations ;
_c23 cm.
490 _aAn I Can Read Book
505 _aJ
520 _aGrizzwold the lovable bear is having a tough time finding somewhere to live. He's too big for most places, and too clumsy for others. He's not even any good as a live bearskin rug! Will Grizzwold ever find a home that's just right?
521 _a460
_bLexile
521 _aJ
_bRaz-Plus
650 _aBears
_vFiction
906 _a7
_bcbc
_coclcrpl
_du
_encip
_f19
_gy-gencatlg
942 _2ddc
_cBK
_n0
999 _c3847
_d3847